|
|
|
|
| LEADER |
00000cam a2200000 7i4500 |
| 001 |
0000003660 |
| 005 |
20080131.0 |
| 020 |
0 |
0 |
|a 1901919498
|
| 090 |
0 |
0 |
|a 658.009595
|b KHA
|
| 100 |
1 |
0 |
|a Khaliq Ahmad
|
| 245 |
1 |
0 |
|a Malaysian management styles :
|b policy, practice and human resource
|c Khaliq Ahmad.
|
| 260 |
0 |
0 |
|a London :
|b ASEAN Academic Press ,
|c 2005.
|
| 300 |
|
|
|a 172 p. ;
|c 23 cm.
|
| 650 |
0 |
0 |
|a Industrial management
|z Malaysia.
|
| 650 |
0 |
0 |
|a Management
|z Malaysia.
|
| 650 |
0 |
0 |
|a Personnel management
|z Malaysia.
|
| 999 |
|
|
|a 0000006976
|b Monograph
|c Open Shelf
|e Default branch
|